000 00950nam0a2200289 4500
001 RU\NLR\bibl\519119
005 20260412063243.0
010 _a5-94867-016-3
_9500
021 _aRU
_b2004-16964
_9870
035 _a(NLR Aleph) 000511530
090 _a1236336
_c1236336
100 _a20040513d2003 |||y0rusy50 ca
101 1 _arus
102 _aRU
105 _aa |||||||||
200 1 _aПрощай!
_fГи де Мопассан
_g[Пер. И. Татариновой]
210 _aМ.
_cЯнико
_d2003
215 _a82, [1] с.
_cил.
_d5
309 _aПереплет ручной работы
686 _aШ6(4Фр)57-440.4{Лх1647-50}
700 1 _4070
_8rus
_7ca
_aМопассан
_bГ. де
_f1850-1893
_gГи де
_3RU\NLR\auth\7713484
_9123173
801 0 _aRU
_bNLR
_c20040513
_gPSBO
801 1 _aRU
_bNLR
_c20040513
942 _cBOOK
980 _aNB